Online
Catalog

El entorno del hombre / (Record no. 35775)

MARC details
000 -CABECERA
campo de control de longitud fija 00663nam a2200205 a 4500
001 - NÚMERO DE CONTROL
campo de control 000036284
005 - FECHA Y HORA DE LA ÚLTIMA TRANSACCIÓN
campo de control 20200930075640.0
008 - DATOS DE LONGITUD FIJA--INFORMACIÓN GENERAL
campo de control de longitud fija 120112s1971 ag 000 0 spa d
040 ## - FUENTE DE LA CATALOGACIÓN
Centro catalogador/agencia de origen DO-SdBNP
Lengua de catalogación spa
Centro/agencia transcriptor BNPHU
240 04 - TÍTULO UNIFORME
Título uniforme The fitness of man´s environment
Lenguaje de la obra Español
245 03 - MENCIÓN DE TÍTULO
Título El entorno del hombre /
Mención de responsabilidad, etc. Jouvenel, Bertrand de ...[et al.].
260 ## - PUBLICACIÓN, DISTRIBUCIÓN, ETC.
Lugar de publicación, distribución, etc. Buenos Aires :
Nombre del editor, distribuidor, etc. Marymar,
Fecha de publicación, distribución, etc. 1971.
300 ## - DESCRIPCIÓN FÍSICA
Extensión 252 p. ;
Dimensiones 22 cm.
500 ## - NOTA GENERAL
Nota general Traducido del idioma inglés
700 1# - PUNTO DE ACCESO ADICIONAL--NOMBRE DE PERSONA
Nombre de persona Leal, Aníbal Carlos
Término indicativo de función/relación tr.
9 (RLIN) 46654
700 1# - PUNTO DE ACCESO ADICIONAL--NOMBRE DE PERSONA
Nombre de persona Goodman, Paul
9 (RLIN) 62406
700 1# - PUNTO DE ACCESO ADICIONAL--NOMBRE DE PERSONA
Nombre de persona Daijuku, Hiroshi
9 (RLIN) 62407
700 1# - PUNTO DE ACCESO ADICIONAL--NOMBRE DE PERSONA
Nombre de persona Dubos, René
9 (RLIN) 50219
700 1# - PUNTO DE ACCESO ADICIONAL--NOMBRE DE PERSONA
Nombre de persona Braunfels, Wolfgang
9 (RLIN) 62408
Holdings
Estado de retiro Estado de pérdida Restricciones de uso No para préstamo Código de colección Localización permanente Ubicación/localización actual Ubicación en estantería Fecha de adquisición Número de inventario Total de préstamos Signatura topográfica completa Código de barras Fecha visto por última vez Precio válido a partir de Tipo de ítem Koha
        Monografías: Libros y Folletos General General Orden iniciada 12.01.2012 LF1   36285-10 25.06.2020 25.06.2020 No se presta

Powered by Koha